| 000 -LEADER |
| fixed length control field |
01087nam a2200217Ia 4500 |
| 003 - CONTROL NUMBER IDENTIFIER |
| control field |
OSt |
| 005 - DATE AND TIME OF LATEST TRANSACTION |
| control field |
20241003154023.0 |
| 007 - PHYSICAL DESCRIPTION FIXED FIELD--GENERAL INFORMATION |
| fixed length control field |
ca aa aaaaa |
| 008 - FIXED-LENGTH DATA ELEMENTS--GENERAL INFORMATION |
| fixed length control field |
201103s9999 xx 000 0 und d |
| 040 ## - CATALOGING SOURCE |
| Transcribing agency |
SSBUL |
| 041 ## - LANGUAGE CODE |
| Language code of text/sound track or separate title |
bur |
| 082 ## - DEWEY DECIMAL CLASSIFICATION NUMBER |
| Edition number |
23 |
| Classification number |
၂၉၄.၃၀၇ ရာ |
| Item number |
၁၃၀၇၇ S-SAT |
| 100 1# - MAIN ENTRY--PERSONAL NAME |
| Personal name |
ရာဟုလာ၊ ဝါလ်ပိုလာ၊ ဒေါက်တာ |
| 9 (RLIN) |
16638 |
| 245 10 - TITLE STATEMENT |
| Title |
မြတ်ဗုဒ္ဓဒေသနာ=What the Buddha taught / |
| Statement of responsibility, etc. |
ဒေါက်တာဝါလ်ပိုလာရာဟုလာ၊ ဘာာသာပြန်သူ ဦးကိုလေး။ |
| 260 ## - PUBLICATION, DISTRIBUTION, ETC. |
| Place of publication, distribution, etc. |
ရန်ကုန် ၊ |
| Name of publisher, distributor, etc. |
သာသနာရေးဦးစီးဌာန၊ |
| Date of publication, distribution, etc. |
၁၉၈၁။ |
| 300 ## - PHYSICAL DESCRIPTION |
| Extent |
ဖ၊ ၁၇၆ စာမျက်နှာ ၊ |
| Dimensions |
၂၀ စင်တီ။ |
| 500 ## - GENERAL NOTE |
| General note |
S-SAT: Dr. Sai Aung Tun |
| 650 ## - SUBJECT ADDED ENTRY--TOPICAL TERM |
| Topical term or geographic name entry element |
ဗုဒ္ဓဘာသာ |
| General subdivision |
လေ့လာခြင်းနှင့်သင်ကြားခြင်း |
| 700 0# - ADDED ENTRY--PERSONAL NAME |
| Personal name |
ကိုလေး၊ ဦး |
| 9 (RLIN) |
36963 |
| Relator term |
ဘာသာပြန်သူ |
| 942 ## - ADDED ENTRY ELEMENTS (KOHA) |
| Koha item type |
Book (Short term) |
| Source of classification or shelving scheme |
|